[Event "I Maxistral Compostela 2018"]
[Site "Santiago Compostela"]
[Date "2018.09.13"]
[Round "9"]
[White "Suarez Pousa, Diego"]
[Black "Suarez Garcia, Carlos"]
[Result "1-0"]
[WhiteElo "2412"]
[BlackElo "2469"]
[Annotator "TA"]
[PlyCount "91"]
[EventDate "2018.09.05"]
[EventType "tourn"]
[EventCountry "ESP"]
[SourceTitle "playchess.com"]
[Source "ChessBase"]
[SourceQuality "1"]

{[%evp 13,91,9,26,19,22,-6,6,12,9,10,14,16,45,44,42,37,60,2,6,4,191,170,247,230,229,222,591,609,625,574,574,548,510,433,429,418,441,413,432,411,442,401,390,385,409,401,443,443,443,443,443,441,615,581,627,653,938,925,1164,1125,1230,1222,1207,1235,1232,1160,1312,1074,1097,1100,1105,1077,1109,1095,1102,730,1097,1092,1049,1044]} 1. e4 e6 2. d4 d5 3. Nc3 Bb4 4. exd5 exd5 5. Bd3 Nc6 6. a3 Ba5 7. Be3 Nge7 {LiveBook: 30 Games} 8. Nge2 {C01: French: Exchange Variation} (8. Qf3 Be6 9. Nge2 Qd7 10. O-O Bg4 11. Qg3 O-O 12. Nf4 Bxc3 13. bxc3 Kh8 14. c4 Bf5 15. cxd5 Nxd5 16. Bxf5 Qxf5 17. Nxd5 Qxd5 {½-½ (72) Harikrishna,P (2706)-Edouard,R (2658) Caleta 2014 CBM 159 [Edouard,R]}) 8... Bf5 9. Bb5 $146 ({Predecessor:} 9. O-O O-O 10. Ng3 Bg6 11. Nce2 Qd7 12. c3 Nf5 13. b4 Bb6 14. Nxf5 Bxf5 15. Bb5 a5 {1-0 (31) Cornette,M (2482)-Pauchard,P (2160) Geneve 2007}) 9... Qd6 10. b4 {The position is equal.} Bb6 11. Na4 O-O 12. O-O Ng6 13. Nc5 $36 {[%mdl 2048] White has some pressure.} Nd8 14. Ng3 Bc8 15. Na4 (15. Bd3 $14) 15... c6 $11 16. Nxb6 cxb5 $2 (16... axb6 $11 {and Black stays safe.} 17. Bd3 Nf4) 17. Nxa8 $18 {And now a4 would win.} Qb8 (17... Bd7 $142 18. Qd3 f5) 18. Qf3 Be6 19. Nh5 Qxa8 $2 {[#]} (19... f6 20. a4 (20. Qg3 Qxa8 21. Nf4 Nxf4 $18) 20... bxa4 21. Rxa4 Qxa8) 20. Bh6 $1 {[%mdl 512]} Bg4 (20... gxh6 21. Qf6) 21. Qxg4 gxh6 22. Qf5 Ne6 23. Rfe1 {[%cal Bf1e1,Be1e3,Be3c3][%mdl 32] Hoping for Qf6.} Qd8 24. Rad1 Ng7 25. Nxg7 Kxg7 26. Re3 Qg5 27. Qxg5 hxg5 {[%mdl 4096] Endgame KRR-KRN} 28. Rc3 Re8 29. Rc5 Nf4 30. g3 {White is clearly winning.} b6 {[#] Threatens to win with ...Ne2+.} 31. Rc7 ({Less strong is} 31. gxf4 bxc5 32. dxc5 gxf4 $18) 31... Ne6 32. Rxa7 g4 33. Rd7 Ng5 34. Rxd5 Kg6 35. Rxb5 Re2 36. d5 {[%cal Bd4d5,Bd5d6,Bd6d7][%mdl 32]} Nh3+ 37. Kf1 Rxf2+ 38. Ke1 Rxc2 39. d6 Ng1 40. Rd3 Nf3+ 41. Kd1 Rc8 42. d7 Rd8 43. Rxb6+ Kf5 44. Rb5+ Ke4 45. Rd6 Ne5 46. Rc5 {Precision: White = 73%, Black = 42%.} 1-0

[Event "I Maxistral Compostela 2018"]
[Site "Santiago Compostela"]
[Date "2018.09.13"]
[Round "9"]
[White "Sanchez Aller, Fernando"]
[Black "Starostits, Ilmars"]
[Result "0-1"]
[WhiteElo "2344"]
[BlackElo "2449"]
[Annotator "TA"]
[PlyCount "78"]
[EventDate "2018.09.05"]
[EventType "tourn"]
[EventCountry "ESP"]
[SourceTitle "playchess.com"]
[Source "ChessBase"]
[SourceQuality "1"]

{[%evp 9,78,36,49,0,43,33,55,35,50,28,29,27,27,27,27,27,23,22,22,22,22,22,22,22,46,-11,43,55,73,62,180,164,172,-259,-250,-253,-252,-247,-253,-420,-407,-404,-394,-584,-560,-1264,-523,-468,-479,-617,-604,-661,-659,-659,-652,-649,-649,-649,-644,-637,-615,-593,-433,-1580,-1575,-1627,-588,-1679,-1179,-29989,-29990]} 1. e4 c6 2. d4 d5 3. e5 Bf5 4. h4 {[%cal Bh2h4,Bh4h5][%mdl 32]} Qb6 5. a4 (5. Nc3 h5 6. Na4 Qa5+ 7. c3 e6 8. Nf3 Nd7 9. b4 Qc7 10. Bd3 Bg4 11. Bd2 Ne7 12. Qc2 Bxf3 13. gxf3 g6 {0-1 (40) Onischuk,V (2637)-Pantsulaia,L (2612) Riadh 2017}) 5... a5 {LiveBook: 6 Games} 6. h5 {B12: Caro-Kann: Advance Variation} h6 7. g4 Bd7 8. Nc3 $146 {White is slightly better.} ({Predecessor:} 8. f4 c5 9. dxc5 Qb4+ 10. Kf2 e6 11. Nc3 Bxc5+ 12. Kg3 Qb6 {0-1 (24) Nestorovic,N (2449)-Radivojevic,I (2356) Kragujevac 2015}) 8... e6 9. f4 c5 10. Nb5 cxd4 11. Nf3 Nc6 12. Nfxd4 Nxd4 13. Qxd4 Bc5 14. Qd3 Ne7 15. Bd2 d4 16. Bg2 Bc6 17. O-O (17. Rg1 $14) 17... f5 ({Better is} 17... Bxg2 $11 18. Kxg2 Nd5) 18. exf6 $1 $14 gxf6 19. Rae1 O-O-O (19... Rg8 $1 $14 20. g5 (20. Rxe6 Rxg4 21. Rf2 O-O-O $17) 20... Bxg2 21. Kxg2 O-O-O) 20. Rxe6 $18 Bxb5 21. Qb3 $4 {[%mdl 8192] [#]} (21. Qxb5 $18 {was the only winning move.} d3+ 22. Kh2 Qxb5 23. axb5 dxc2 24. Re2) 21... d3+ $19 {[%cal Bd4d3,Bd3c2][%mdl 32]} 22. Kh2 Bc6 23. Qxb6 Bxb6 24. Rxe7 $2 (24. Bxc6 {was necessary.} Nxc6 25. c3) 24... dxc2 25. Bc1 Rd1 26. b3 (26. Ree1 {was worth a try.} Bxa4 27. Bf3) 26... Rhd8 {White must now prevent ...Rxf1.} 27. Ree1 {[#]} Rxe1 (27... R1d2 $142 $1 {[%mdl 512]} 28. Bxd2 Rxd2) 28. Rxe1 Rd1 29. Rh1 Bd4 30. Bxc6 bxc6 {[%mdl 4096] Endgame KRB-KRB} 31. Kg2 Bc3 32. g5 fxg5 33. fxg5 hxg5 34. h6 {If only White now had time for h7....} g4 35. h7 Kd7 36. Be3 (36. Ba3 $142 Rxh1 37. Kxh1) 36... Rxh1 37. Kxh1 Ke6 (37... Be5 $142 38. Kg2 Ke6) 38. Bc1 Kf5 39. b4 axb4 {Precision: White = 29%, Black = 59%.} 0-1